<?xml version="1.0" encoding="UTF-8"?><?xml-stylesheet type="text/xsl" href="static/style.xsl"?><OAI-PMH xmlns="http://www.openarchives.org/OAI/2.0/" xmlns:xsi="http://www.w3.org/2001/XMLSchema-instance" xsi:schemaLocation="http://www.openarchives.org/OAI/2.0/ http://www.openarchives.org/OAI/2.0/OAI-PMH.xsd"><responseDate>2026-06-07T19:58:39Z</responseDate><request verb="GetRecord" identifier="oai:docta.ucm.es:20.500.14352/92805" metadataPrefix="marc">https://docta.ucm.es/rest/oai/request</request><GetRecord><record><header><identifier>oai:docta.ucm.es:20.500.14352/92805</identifier><datestamp>2025-03-27T00:56:48Z</datestamp><setSpec>com_20.500.14352_14</setSpec><setSpec>col_20.500.14352_21</setSpec></header><metadata><record xmlns="http://www.loc.gov/MARC21/slim" xmlns:dcterms="http://purl.org/dc/terms/" xmlns:xsi="http://www.w3.org/2001/XMLSchema-instance" xmlns:doc="http://www.lyncode.com/xoai" xsi:schemaLocation="http://www.loc.gov/MARC21/slim http://www.loc.gov/standards/marcxml/schema/MARC21slim.xsd">
   <leader>00925njm 22002777a 4500</leader>
   <datafield ind2=" " ind1=" " tag="042">
      <subfield code="a">dc</subfield>
   </datafield>
   <datafield ind2=" " ind1=" " tag="720">
      <subfield code="a">Lois Barrio, María Dolores</subfield>
      <subfield code="e">author</subfield>
   </datafield>
   <datafield ind2=" " ind1=" " tag="720">
      <subfield code="a">Cairo Carou, Heriberto</subfield>
      <subfield code="e">author</subfield>
   </datafield>
   <datafield ind2=" " ind1=" " tag="720">
      <subfield code="a">Limón López, Pedro</subfield>
      <subfield code="e">author</subfield>
   </datafield>
   <datafield ind2=" " ind1=" " tag="260">
      <subfield code="c">2022</subfield>
   </datafield>
   <datafield ind2=" " ind1=" " tag="520">
      <subfield code="a">En las últimas décadas, se ha producido la expansión de las conurbaciones transfronterizas, cuya complejidad se debe a la amplia variabilidad de casos según sea el contexto a que hagamos alusión, conforme a esa «polisemia de estructuras transfronterizas» consustancial a las regiones de frontera (Ghilardi y Matossian, 2020). En primer lugar, las ciudades pequeñas y medianas articulan elementos ligados al desarrollo de redes y estrategias de crecimiento local –las denominadas «coaliciones de crecimiento» (Logan y Molotch, 1987)– que en el caso de las conurbaciones transfronterizas permiten en muchas ocasiones reforzar las redes de aglomeración y crecimiento urbano a ambos lados de la frontera (Varna, Adams y Docherty, 2020). En segundo lugar, las políticas vinculadas al desarrollo local suelen enmarcarse en políticas regionales ligadas a proyectos locales relacionados con la sostenibilidad y el crecimiento local en un contexto regional más amplio (Cox, 2020). En tercer lugar, se producen dos procesos de reestructuración espacial que tienen lugar a escala global aunque marcados por la particularidad transfronteriza: por una parte, se elaboran políticas de urbanización encaminadas a la atracción de capital ligada a fenómenos de renovación urbana (Soininvaara, 2020), y, por otra, se produce una redefinición de esos procesos considerados distintivos de los procesos de urbanización al emplazarse en contextos rurales o rururbanos, donde las representaciones e imaginarios de lo global están ligados al turismo o el ocio transfronterizo, al entorno rural (Spanier, 2021).</subfield>
   </datafield>
   <datafield ind1="8" ind2=" " tag="024">
      <subfield code="a">978-84-9134-971-6</subfield>
   </datafield>
   <datafield ind1="8" ind2=" " tag="024">
      <subfield code="a">10.7203/PUV-OA-973-0</subfield>
   </datafield>
   <datafield ind1="8" ind2=" " tag="024">
      <subfield code="a">https://hdl.handle.net/20.500.14352/92805</subfield>
   </datafield>
   <datafield ind1="8" ind2=" " tag="024">
      <subfield code="a">https://dx.doi.org/10.7203/PUV-OA-973-0</subfield>
   </datafield>
   <datafield ind2="0" ind1="0" tag="245">
      <subfield code="a">Cooperación transfronteriza, conurbaciones interfronterizas o entre lo regional y lo urbano. Las eurociudades de la Raya/Raia</subfield>
   </datafield>
</record></metadata></record></GetRecord></OAI-PMH>